Product of Random Stochastic Matrices and Distributed Averaging

The thesis deals with averaging dynamics in a multiagent networked system, which is a main mechanism for diffusing the information over such networks. It arises in a wide range of applications in engineered physical networks (such as mobile communication and sensor networks), as well as social and e...

Full description

Bibliographic Details
Main Author: Touri, Behrouz (Author)
Corporate Author: SpringerLink (Online service)
Format: Electronic eBook
Language:English
Published: Berlin, Heidelberg : Springer Berlin Heidelberg, 2012.
Series:Springer Theses, Recognizing Outstanding Ph.D. Research,
Subjects:
Online Access:Full Text via HEAL-Link
LEADER 03217nam a22005415i 4500
001 978-3-642-28003-0
003 DE-He213
005 20151031061112.0
007 cr nn 008mamaa
008 120301s2012 gw | s |||| 0|eng d
020 |a 9783642280030  |9 978-3-642-28003-0 
024 7 |a 10.1007/978-3-642-28003-0  |2 doi 
040 |d GrThAP 
050 4 |a TJ212-225 
072 7 |a TJFM  |2 bicssc 
072 7 |a TEC004000  |2 bisacsh 
082 0 4 |a 629.8  |2 23 
100 1 |a Touri, Behrouz.  |e author. 
245 1 0 |a Product of Random Stochastic Matrices and Distributed Averaging  |h [electronic resource] /  |c by Behrouz Touri. 
264 1 |a Berlin, Heidelberg :  |b Springer Berlin Heidelberg,  |c 2012. 
300 |a XIV, 142 p.  |b online resource. 
336 |a text  |b txt  |2 rdacontent 
337 |a computer  |b c  |2 rdamedia 
338 |a online resource  |b cr  |2 rdacarrier 
347 |a text file  |b PDF  |2 rda 
490 1 |a Springer Theses, Recognizing Outstanding Ph.D. Research,  |x 2190-5053 
505 0 |a Introduction -- Products of Stochastic Matrices and Averaging Dynamics -- Ergodicity of Random Chains -- Infinite Flow Stability -- Implications -- Absolute Infinite Flow Property -- Averaging Dynamics in General State Spaces -- Conclusion and Suggestions for Future Works -- Appendices. 
520 |a The thesis deals with averaging dynamics in a multiagent networked system, which is a main mechanism for diffusing the information over such networks. It arises in a wide range of applications in engineered physical networks (such as mobile communication and sensor networks), as well as social and economic networks. The thesis provides in depth study of  stability and other phenomena characterizing the limiting behavior of both deterministic and random averaging dynamics. By developing new concepts, and using the tools from dynamic system theory and non-negative matrix theory, several novel fundamental results are rigorously developed. These contribute significantly to our understanding of averaging dynamics as well as to non-negative random matrix theory. The exposition, although highly rigorous and technical, is elegant and insightful, and accompanied with numerous illustrative examples, which makes this thesis work easily accessible to those just entering this field and will also be much appreciated by experts in the field. 
650 0 |a Engineering. 
650 0 |a Mathematical statistics. 
650 0 |a Probabilities. 
650 0 |a Statistical physics. 
650 0 |a Dynamical systems. 
650 0 |a Statistics. 
650 0 |a Control engineering. 
650 1 4 |a Engineering. 
650 2 4 |a Control. 
650 2 4 |a Statistical Physics, Dynamical Systems and Complexity. 
650 2 4 |a Probability Theory and Stochastic Processes. 
650 2 4 |a Probability and Statistics in Computer Science. 
650 2 4 |a Statistical Theory and Methods. 
710 2 |a SpringerLink (Online service) 
773 0 |t Springer eBooks 
776 0 8 |i Printed edition:  |z 9783642280023 
830 0 |a Springer Theses, Recognizing Outstanding Ph.D. Research,  |x 2190-5053 
856 4 0 |u http://dx.doi.org/10.1007/978-3-642-28003-0  |z Full Text via HEAL-Link 
912 |a ZDB-2-ENG 
950 |a Engineering (Springer-11647)